15 największych miast Europy Centralnej - Statystyki

Ogólne statystyki
  • Ten quiz został rozwiązany 113 razy
  • Średni wynik to 14 z 15
Statystyki odpowiedzi
Państwo Miasto % Poprawnych
Polska Warszawa
100%
Austria Wiedeń
100%
Węgry Budapeszt
99%
Czechy Praga
99%
Polska Wrocław
99%
Polska Gdańsk
98%
Polska Kraków
97%
Polska Łódź
96%
Polska Poznań
94%
Słowacja Bratysława
92%
Polska Lublin
89%
Polska Szczecin
89%
Polska Białystok
86%
Polska Bydgoszcz
81%
Czechy Brno
80%
Nie znaleziono quizów pasujących do podanych kryteriów
Rozkład punktacji
Procent ludzi z każdym wynikiem
Percentyl według liczby udzielonych odpowiedzi
Twoja historia wyników
Nie rozwiązałeś tego quizu